000 00282nam a2200109 4500
245 _aSelected philosophical works
_cGeorgi Plekhanov
100 _aPlekhanov, Georgi
260 _a2nd ed.
_bMoscow
_cProgress Publishers
300 _a1974
490 _av.; 22cm.
082 _a335.401
_bPLE
999 _c35639
_d35639